| 000 | 01629cam a2200373 i 4500 | ||
|---|---|---|---|
| 999 |
_c1375 _d1375 |
||
| 001 | 18652881 | ||
| 003 | OSt | ||
| 005 | 20221229080628.0 | ||
| 008 | 150610s2016 onca j b 001 0 eng c | ||
| 010 | _a 2015021740 | ||
| 020 | _a9780778718840 (pbk.) | ||
| 040 |
_aNJQ/DLC _beng _cNJQ _erda _dDLC _dKH8 |
||
| 042 | _apcc | ||
| 050 | 0 | 0 |
_aTX355 _b.S597 2016 |
| 082 | 0 | 4 |
_a613.2 SJO _223 |
| 100 | 1 |
_aSjonger, Rebecca, _eauthor. |
|
| 245 | 1 | 0 |
_aOn a mission for good nutrition! / _cRebecca Sjonger. |
| 264 | 1 |
_aSt. Catharines, Ontario ; _aNew York : _bCrabtree Publishing Company, _c[2016] |
|
| 300 |
_a24 pages : _bcolor illustrations ; _c25 cm |
||
| 336 |
_atext _2rdacontent |
||
| 337 |
_aunmediated _2rdamedia |
||
| 338 |
_avolume _2rdacarrier |
||
| 490 | 0 | _aHealthy habits for a lifetime | |
| 504 | _aIncludes bibliographical references and index. | ||
| 505 | 0 | _aHealthy eating -- The food groups -- Vegetables and fruits -- Grains -- Proteins -- Dairy and other options -- Water and oil -- Tips for eating well -- Make your own snack -- Show what you know. | |
| 520 |
_a"Food is the fuel that gives our bodies energy, builds bones and muscles, and helps keep us healthy and happy. This informative book explains to children why our bodies need nutrition, how our bodies use it, and what they need to eat for a balanced diet"-- _cProvided by publisher. |
||
| 521 | 1 | _aAges 5-8. | |
| 521 | 2 | _aK to grade 3. | |
| 650 | 0 |
_aNutrition _vJuvenile literature. |
|
| 650 | 0 |
_aDiet _vJuvenile literature. |
|
| 650 | 0 |
_aHealth _vJuvenile literature. |
|
| 906 |
_a7 _bcbc _corignew _d1 _eecip _f20 _gy-gencatlg |
||
| 942 |
_2ddc _cNFIC |
||